La nación y la muerte (Record no. 174125)

MARC details
000 -LEADER
campo de control de longitud fija 01042nam a2200277 i 4500
001 - NÚMERO DE CONTROL
campo de control 174125
003 - IDENTIFICADOR DE NÚMERO DE CONTROL
campo de control ES-MaACL
005 - FECHA Y HORA DE LA ÚLTIMA TRANSACCIÓN
campo de control 20230906215438.0
008 - DATOS DE LONGITUD FIJA--INFORMACIÓN GENERAL
campo de control de longitud fija 100223s2009 sp |||| | spa d
020 ## - NÚMERO INTERNACIONAL ESTÁNDAR DEL LIBRO
Número Internacional Estándar del Libro 978-84-294-3604-4
080 ## - NÚMERO DE LA CLASIFICACIÓN DECIMAL UNIVERSAL
Número de la Clasificación Decimal Universal 94(=411.16:4)"1939/45":930
080 ## - NÚMERO DE LA CLASIFICACIÓN DECIMAL UNIVERSAL
Número de la Clasificación Decimal Universal 316.644:94(569.4)
080 ## - NÚMERO DE LA CLASIFICACIÓN DECIMAL UNIVERSAL
Número de la Clasificación Decimal Universal 316.72(=411.16:569.4)
100 1# - ENTRADA PRINCIPAL--NOMBRE DE PERSONA
Nombre de persona Zertal, Idith.
9 (RLIN) 145762
245 13 - MENCIÓN DEL TÍTULO
Título La nación y la muerte
Resto del título : la shoá en el discurso y la política de Israel /
Mención de responsabilidad, etc. Idith Zertal ; prólogo de Shlomo Ben-Ami ; traducción de Marta Pino Moreno.
260 ## - PUBLICACIÓN, DISTRIBUCIÓN, ETC.
Lugar de publicación, distribución, etc. Madrid :
Nombre del editor, distribuidor, etc. Gredos,
Fecha de publicación, distribución, etc. [2009]
300 ## - DESCRIPCIÓN FÍSICA
Extensión 350 p. ;
Dimensiones 24 cm.
490 1# - MENCIÓN DE SERIE
Mención de serie Biblioteca de la nueva cultura.
-- Pensamiento
650 #7 - PUNTO DE ACCESO ADICIONAL DE MATERIA--TÉRMINO DE MATERIA
Término de materia o nombre geográfico como elemento de entrada Holocausto judío (1939-1945)-
Subdivisión de forma Historiografía.
9 (RLIN) 145763
650 #7 - PUNTO DE ACCESO ADICIONAL DE MATERIA--TÉRMINO DE MATERIA
Término de materia o nombre geográfico como elemento de entrada Memoria colectiva-
Subdivisión geográfica Israel.
9 (RLIN) 145764
650 #7 - PUNTO DE ACCESO ADICIONAL DE MATERIA--TÉRMINO DE MATERIA
Término de materia o nombre geográfico como elemento de entrada Judíos-
Subdivisión geográfica Israel-
Subdivisión general Identidad cultural.
9 (RLIN) 145765
700 1# - ENTRADA AGREGADA--NOMBRE PERSONAL
Nombre de persona Ben-Ami, Shlomo.
9 (RLIN) 27404
830 0# - PUNTO DE ACCESO ADICIONAL DE SERIE-TÍTULO UNIFORME
Título uniforme Biblioteca de la nueva cultura.
-- Pensamiento
9 (RLIN) 223643
852 ## - LOCALIZACIÓN
Ubicación ES-MaACL
Número de control de estantería E-13200
Holdings
Estatus retirado Estado de pérdida Estado de daño No para préstamo Biblioteca de origen Biblioteca actual Ubicación en estantería Fecha de adquisición Fuente de adquisición Total de préstamos Signatura topográfica completa Código de barras Visto por última vez Precio de reemplazo Tipo de ítem Koha
        Biblioteca del Ateneo de Madrid Biblioteca del Ateneo de Madrid Depósito 2 23/02/2010     E-13200 1182776 23/02/2023 23/02/2023 Libro impreso